000 00533nam a22001697a 4500
999 _c61376
_d61376
005 20240226170842.0
008 240226s2002 enk||||| |||| 00| 0 eng d
020 _a0582745020
041 _aeng
080 _a821.111.1 H-65
100 _aHigh, Peter B.
_921299
245 _aAn outline of American literature /
_c Peter B. High.
264 _aHarlow :
_bLongman,
_c2002.
300 _a256 p. :
_bill.;
_c23 cm.
653 _aამერიკული ლიტერატურის მონახაზი
942 _2udc
_cBK